ბათუმის შოთა რუსთაველის სახელმწიფო უნივერსიტეტის ბიბლიოთეკა

წელიწდეული II (ბიბ.ჩანაწერი № 36689)

000 -LEADER
fixed length control field 00737nam a2200205Ia 4500
001 - CONTROL NUMBER
control field 2618
003 - CONTROL NUMBER IDENTIFIER
control field GE_BSU
008 - FIXED-LENGTH DATA ELEMENTS--GENERAL INFORMATION
fixed length control field 181216s||||||||xx |||||||||||||| ||und||
040 ## - CATALOGING SOURCE
Transcribing agency GE_BSU
080 ## - UNIVERSAL DECIMAL CLASSIFICATION NUMBER
Universal Decimal Classification number 81+82+39+94
245 ## - TITLE STATEMENT
Title წელიწდეული II
245 ## - TITLE STATEMENT
Remainder of title ილია ჭავჭავაძის სახელობის ქუთაისის სამეცნიერო ბიბლიოთეკა
260 ## - PUBLICATION, DISTRIBUTION, ETC.
Place of publication, distribution, etc. ქუთაისი
260 ## - PUBLICATION, DISTRIBUTION, ETC.
Date of publication, distribution, etc. 2010
300 ## - PHYSICAL DESCRIPTION
Extent 278 გვ.
653 ## - INDEX TERM--UNCONTROLLED
Uncontrolled term სამეცნიერო კონფერენციაზე წაკითხული მასალები
653 ## - INDEX TERM--UNCONTROLLED
Uncontrolled term წელიწდეული
942 ## - ADDED ENTRY ELEMENTS (KOHA)
Koha item type წიგნი

არაა ხელმისაწვდომი ეგზემპლარები.